000 01168cam a22002771i 4500
003 SA-RiAUC
005 20250727054848.0
008 250727s2008 ||| g 000 0 ara c
040 _aEG-CaDAJ
_bara
_cSA-RiAUC
_erda
082 0 4 _a258.2
090 _a258.2
_b ا ب ن ب
100 1 _aابن بشتغير، أحمد بن سعيد،
_dتوفي 516 هجري
_eمؤلف.
245 1 0 _aنوازل أحمد بن سعيد بن بشتغير اللورقي المالكي /
_cأحمد بن سعيد بن بشتغير ؛ تحقيق ودراسة قطب الريسوني.
250 _aالطبعة الأولى.
264 1 _a[مكان النشر غير محدد] :
_bدار ابن حزم،
_c2008
300 _a71 صفحة.؛
_c24 سم.
336 _aنص
_btxt
_2rdacontent
_3كتاب
337 _aبدون وسيط
_bn
_2rdamedia
338 _aمجلد
_bnc
_2rdacarrier
490 0 _aمن خزائن الفقه المالكي
650 7 _aالفقه المالكي
_2aucsh
650 7 _aالنوازل (أصول فقه)
_2aucsh
700 1 _aالريسوني، قطب،
_d1973-
_eمحقق.
942 _2ddc
_cBOOK
_n0
949 _aSA-JeALM
_d250727
_umohamedma123
_n1
999 _c10315
_d10315